Where limits of control lie in arbitration (Record no. 66256)

MARC details
000 -LEADER
fixed length control field 01427cam a2200241 4500
001 - CONTROL NUMBER
control field ABS63563
008 - FIXED-LENGTH DATA ELEMENTS--GENERAL INFORMATION
fixed length control field 000000n2001 000 0 eng u
035 ## - SYSTEM CONTROL NUMBER
System control number (Sirsi) u111210
100 ## - MAIN ENTRY--PERSONAL NAME
Personal name Klein, R.
245 ## - TITLE STATEMENT
Title Where limits of control lie in arbitration
260 ## - PUBLICATION, DISTRIBUTION, ETC.
Date of publication, distribution, etc. 2001
490 ## - SERIES STATEMENT
Series statement Construction News
Volume/sequential designation (6704) February 2001, 14(1)
520 ## - SUMMARY, ETC.
Summary, etc. Construction contract disputes often involve a number of parties. Examines how subcontractors' rights in arbitration cases can be limited in multiparty disputes, because each of the contracts involving one of the parties, may not contain an arbitration clause. Illustrates difficulties that can arise in "Lafarge Redland Aggregates v Shepherd Hill Civil Engineering" in which it was eventually decided that the subcontractor could participate in a main contract arbitration with the consent of the employer and arbitrator. If there was no consensual agreement, the subcontractor could pursue the dispute under a separate arbitration.
590 ## - LOCAL NOTE (RLIN)
Local note ABS
650 ## - SUBJECT ADDED ENTRY--TOPICAL TERM
Topical term or geographic name entry element MANAGEMENT-DISPUTE AVOIDANCE, MANAGEMENT AND RESOLUTION-DISPUTE MANAGEMENT AND RESOLUTION-ARBITRATION
650 ## - SUBJECT ADDED ENTRY--TOPICAL TERM
Topical term or geographic name entry element CONSTRUCTION DISPUTES
650 ## - SUBJECT ADDED ENTRY--TOPICAL TERM
Topical term or geographic name entry element ENGINEERING CONTRACTS
650 ## - SUBJECT ADDED ENTRY--TOPICAL TERM
Topical term or geographic name entry element LAFARGE REDLAND AGGREGATES LTD V SHEPHARD HILL CIVIL ENGINEERING LTD
650 ## - SUBJECT ADDED ENTRY--TOPICAL TERM
Topical term or geographic name entry element SUBCONTRACTS
650 ## - SUBJECT ADDED ENTRY--TOPICAL TERM
Topical term or geographic name entry element ICE CONDITIONS OF CONTRACT (FIFTH EDITION)
690 ## - LOCAL SUBJECT ADDED ENTRY--TOPICAL TERM (OCLC, RLIN)
Topical term or geographic name as entry element Dispute resolution
9 (RLIN) 6236
942 ## - ADDED ENTRY ELEMENTS (KOHA)
Suppress in OPAC 0
Holdings
Withdrawn status Lost status Source of classification or shelving scheme Damaged status Not for loan Home library Current library Shelving location Date acquired Total Checkouts Full call number Barcode Date last seen Copy number Price effective from Koha item type
    Dewey Decimal Classification     London London Journal article 01/03/2001   ABS63563 111210-1001 06/08/2019 1 06/08/2019 Journal article